Geography Quiz

Random Geography or State Quiz

Vowel/Consonant States Quiz Stats

 Plays Quiz Updated Aug 21, 2019

Score 0/9 Timer 01:30
2 Plays Today
State Name % Correct
Alabama
83.4%
Texas
75.6%
Oregon
72.4%
Idaho
69.6%
Arizona
69.3%
Colorado
64.4%
Utah
62.4%
Nevada
60.3%
Delaware
50%

You're not logged in!

Compare scores with friends on all Sporcle quizzes.
OR
Log In

Sporcle TV

Today on Sporcle TV


Watch our educational content, quiz creation guides, and fun videos on Sporcle TV.

Show Comments

Extras

Top Quizzes Today


Score Distribution

Your Account Isn't Verified!

In order to create a playlist on Sporcle, you need to verify the email address you used during registration. Go to your Sporcle Settings to finish the process.

Report this User

Report this user for behavior that violates our Community Guidelines.

Details: